000 00936cam a2200289 i 4500
001 31490
003 Mx-PuUPA
005 20250408145216.0
008 140415s1995 mx a gr 000 0 spa d
020 _a9706410279
040 _cMx-PuUPA
_aMx-PuUPA
_bspa
_dMx-PuUPA
_erda
041 0 _aspa
100 1 _aPimentel M., Guadalupe,
_d
_eautor
_9275
245 1 0 _aMéxico Mariano /
_b
_cHna. Guadalupe Pimentel
264 1 _aMéxico, D.F. :
_bEditorial Progreso,
_c1995
300 _a112 Páginas :
_bilustraciones ;
_c24 cm
336 _atexto
_2rdacontent
_btxt
337 _asin medio
_2rdamedia
_bn
338 _avolumen
_2rdacarrier
_bnc
600 0 4 _aVirgen María
_xCulto
_zMéxico
600 0 4 _aVirgen María
_xHistoria de las doctrinas
600 0 4 _aVirgen María
_xDevoción
_zMéxico
600 0 4 _aVirgen María
_xTeología
942 _2ddc
_cLI
_h232.91
_iP64
999 _c31490
_d31490